[Event "Random"]
[Site "http://www.queenalice.com/game.php?id=307517"]
[Date "2007.11.21"]
[Round "1"]
[White "king_dot_com"]
[Black "alpenny"]
[Result "1-0"]
[WhiteElo "1657"]
[BlackElo "1775"]

1. e4 e6 2. d3 c5 3. Nf3 Nc6 4. Nc3 a6 5. Be2 h6 6. Be3 g5 7. d4 cxd4 8. Bxd4 f6
9. O-O e5 10. Nxe5 Nxe5 11. Bh5+ Nf7 12. e5 Bg7 13. exf6 Bxf6 14. Re1+ Kf8 15.
Nd5 Bxd4 16. Qxd4 d6 17. Bxf7 Kxf7 18. Qxh8 Bf5 19. c3 Nf6 20. Qxd8 Rxd8 21.
Nxf6 Kxf6 22. Re3 d5 23. f3 d4 24. cxd4 Rxd4 25. Rb3 b5 26. Rc1 Rd6 27. Rbc3 Bd7
28. a3 a5 29. Rc5 a4 30. g4 Kg6 31. Kg2 Rd2+ 32. Kg3 Rxb2 33. Rc7 Rd2 34. R1c2
Rd4 35. Kf2 h5 36. gxh5+ Kxh5 37. Kg3 Rd3 38. R7c3 Rd4 39. Kf2 g4 40. fxg4+ Kxg4
41. Ke3 1-0

[Event "Challenge"]
[Site "http://www.queenalice.com/game.php?id=327703"]
[Date "2007.12.29"]
[Round "-"]
[White "SalsaQueen"]
[Black "king_dot_com"]
[Result "0-1"]
[WhiteElo "1688"]
[BlackElo "1619"]

1. d4 d5 2. Nc3 e6 3. Nf3 Bb4 4. Bd2 Nf6 5. a3 Bxc3 6. Bxc3 Ne4 7. Bb4 Nc6 8. c3
Nxb4 9. axb4 Bd7 10. g3 Qf6 11. Qd3 a6 12. O-O-O Nxf2 13. Qe3 Nxh1 14. Bg2 Nxg3
15. hxg3 h5 16. Rh1 Qh6 17. Qxh6 Rxh6 18. Ne5 f6 19. Nxd7 Kxd7 20. Bf3 Rah8 21.
c4 c6 22. c5 h4 23. g4 e5 24. e3 exd4 25. exd4 Re8 26. Kd2 h3 27. g5 fxg5 28.
Bg4+ Kd8 29. Rxh3 Rxh3 30. Bxh3 Rh8 31. Bf5 Rh4 32. Kc3 g4 33. Kd2 g3 34. Ke2
Rxd4 35. Bh3 Rxb4 0-1

[Event "Challenge"]
[Site "http://www.queenalice.com/game.php?id=331025"]
[Date "2008.1.5"]
[Round "-"]
[White "king_dot_com"]
[Black "SalsaQueen"]
[Result "1-0"]
[WhiteElo "1638"]
[BlackElo "1702"]

1. e4 e5 2. d3 Nf6 3. Be2 g6 4. Nf3 Nc6 5. Be3 d6 6. d4 Nxe4 7. d5 Nb4 8. c3 Na6
9. Bxa6 bxa6 10. Qa4+ Qd7 11. Qxe4 Qb5 12. b3 a5 13. c4 Qb7 14. Bg5 Qb4+ 15.
Nfd2 Bf5 16. Qe3 Bg7 17. a3 Qb7 18. Nc3 a6 19. O-O h6 20. g4 Bxg4 21. Bh4 Qc8
22. f4 Bf5 23. Bg3 Kf8 24. fxe5 dxe5 25. Bxe5 f6 26. Bg3 Qd7 27. Qc5+ Kg8 28.
Qxc7 Kh7 29. Qxd7 Bxd7 30. Rfe1 Rae8 31. Bc7 f5 32. Bxa5 h5 33. c5 Bc8 34. c6
Bxc3 35. Bxc3 Rhg8 36. d6 Rd8 37. Re7+ Kh6 38. d7 h4 39. dxc8=Q Rxc8 40. c7 h3
41. Nf3 Rg7 42. Bxg7+ 1-0

[Event "Challenge"]
[Site "http://www.queenalice.com/game.php?id=335927"]
[Date "2008.1.13"]
[Round "-"]
[White "king_dot_com"]
[Black "SalsaQueen"]
[Result "0-1"]
[WhiteElo "1678"]
[BlackElo "1681"]

1. e3 e5 2. Nf3 d6 3. Bc4 h6 4. Nc3 Nf6 5. d3 Qe7 6. O-O a6 7. b3 b5 8. Bd5 c6
9. Be4 d5 10. Bg6 fxg6 11. Bb2 Nbd7 12. Nh4 Qf7 13. Ne2 g5 14. Nf5 Nb6 15. Bxe5
Qe6 16. Bxf6 Qxf5 17. Bc3 Bd7 18. Ng3 Qg6 19. Qf3 O-O-O 20. Ba5 Kb7 21. c4 Re8
22. cxd5 cxd5 23. Bxb6 Kxb6 24. Qxd5 Bc6 25. Qd4+ Bc5 26. Qc3 h5 27. d4 Be7 28.
d5 Bd7 29. b4 h4 30. Qd4+ Kb7 31. Ne4 Rd8 32. Nc5+ Bxc5 33. Qxc5 Rc8 34. Qd4 Rc4
35. Qd2 Rf8 36. f3 g4 37. f4 Qe4 38. Rab1 h3 39. g3 Rf5 40. Rfd1 Rc2 0-1

[Event "First one in a long time"]
[Site "http://www.queenalice.com/game.php?id=344976"]
[Date "2008.1.29"]
[Round "-"]
[White "mid_knight"]
[Black "king_dot_com"]
[Result "1-0"]
[WhiteElo "1976"]
[BlackElo "1680"]

1. d4 d5 2. c4 e6 3. Nc3 Nc6 4. Nf3 Nf6 5. Bg5 h6 6. Bxf6 gxf6 7. cxd5 exd5 8.
e3 Bb4 9. Qc2 f5 10. Bd3 Be6 11. Bxf5 Qf6 12. Bd3 a6 13. O-O-O Bg4 14. Nxd5 Qd6
15. Bc4 Bxf3 16. gxf3 b5 17. Qe4+ Kf8 18. Nxb4 Re8 19. Qxc6 Qxc6 20. Nxc6 bxc4
21. Na5 1-0

[Event "Challenge"]
[Site "http://www.queenalice.com/game.php?id=349762"]
[Date "2008.2.7"]
[Round "-"]
[White "SalsaQueen"]
[Black "king_dot_com"]
[Result "0-1"]
[WhiteElo "1720"]
[BlackElo "1662"]

1. d4 d5 2. Nc3 e6 3. Nf3 Bb4 4. Bd2 Nf6 5. h3 Nc6 6. e3 Ne4 7. Nxe4 dxe4 8. Ne5
Bxd2+ 9. Qxd2 Qd6 10. Nc4 Qd5 11. b3 Bd7 12. g4 O-O-O 13. Bg2 g5 14. a4 f5 15.
gxf5 exf5 16. Qc3 Rde8 17. a5 f4 18. Nd2 f3 19. Bf1 Qf5 20. Qc5 Qxc5 21. dxc5
Nb4 22. O-O-O Bc6 23. h4 g4 24. Nc4 Na6 25. Rg1 h5 26. Nb2 Nxc5 27. b4 Ne6 28.
c3 Ng7 29. Bc4 a6 30. Na4 Bxa4 31. Rd5 Bd7 32. Rgd1 Be6 33. R5d4 Nf5 34. Bxe6+
Rxe6 35. Rd5 Nxh4 36. Rg5 Ng6 37. Rdd5 c6 38. Rdf5 Ne7 39. Rf7 Nd5 40. Rgg7 Re7
41. Rxe7 Nxe7 42. Rxe7 h4 43. Rxe4 h3 44. Rd4 h2 45. Rd1 h1=Q 46. Rxh1 Rxh1+ 47.
Kd2 Rf1 0-1

[Event "Random"]
[Site "http://www.queenalice.com/game.php?id=359140"]
[Date "2008.2.22"]
[Round "2"]
[White "mid_knight"]
[Black "king_dot_com"]
[Result "1-0"]
[WhiteElo "1978"]
[BlackElo "1662"]

1. c4 e6 2. d4 d5 3. Nc3 Bb4 4. cxd5 Bxc3+ 5. bxc3 Qxd5 6. e3 Nf6 7. Nf3 Bd7 8.
Bd3 Nc6 9. O-O e5 10. Nd2 e4 11. Bc4 Qg5 12. f4 exf3 13. Rxf3 Bg4 14. Rg3 h6 15.
Qb3 Nd8 16. Nf3 Qf5 17. Ne5 O-O 18. Ba3 Nh5 19. Rxg4 1-0

[Event "Challenge"]
[Site "http://www.queenalice.com/game.php?id=396555"]
[Date "2008.5.2"]
[Round "-"]
[White "king_dot_com"]
[Black "SalsaQueen"]
[Result "0-1"]
[WhiteElo "1676"]
[BlackElo "1733"]

1. e4 e5 2. d3 Bc5 3. Nf3 d6 4. Nc3 Nf6 5. h3 h6 6. Bd2 Be6 7. d4 exd4 8. Na4 b6
9. Nxc5 bxc5 10. e5 Ne4 11. exd6 Qxd6 12. Bd3 Nxd2 13. Qxd2 a6 14. O-O Nc6 0-1

[Event "Challenge"]
[Site "http://www.queenalice.com/game.php?id=423340"]
[Date "2008.6.26"]
[Round "-"]
[White "king_dot_com"]
[Black "SalsaQueen"]
[Result "1-0"]
[WhiteElo "1659"]
[BlackElo "1758"]

1. e4 e5 2. d3 d6 3. Nf3 h6 4. Be3 a6 5. Nc3 Nf6 6. Be2 Nc6 7. O-O d5 8. exd5
Nxd5 9. Ne4 Nxe3 10. fxe3 f6 11. a3 Bf5 12. c4 Qd7 13. b4 g5 14. Nxf6+ Kd8 15.
Nxd7 Kxd7 16. Qa4 Kc8 17. b5 Ne7 18. Nxe5 Bg7 19. d4 Bxe5 20. dxe5 a5 21. Qd1
Rf8 22. g4 Rd8 23. Qb3 Bd7 24. c5 Re8 25. Qf7 c6 26. e6 Bxe6 27. Qxe6+ Kb8 28.
Qd7 1-0

[Event "Challenge"]
[Site "http://www.queenalice.com/game.php?id=450066"]
[Date "2008.8.18"]
[Round "-"]
[White "king_dot_com"]
[Black "SalsaQueen"]
[Result "1/2-1/2"]
[WhiteElo "1679"]
[BlackElo "1766"]

1. e4 e5 2. d3 h6 3. Nf3 Nc6 4. Be3 d6 5. Nc3 Nf6 6. Nd5 Be6 7. c4 Bxd5 8. cxd5
Nb8 9. Qa4+ Nbd7 10. d4 Be7 11. dxe5 dxe5 12. Nxe5 Bd6 13. Nc4 O-O 14. Nxd6 cxd6
15. Bd3 Nb6 16. Qb4 Ng4 17. Bf4 Qf6 18. Qxd6 Qxb2 19. O-O Nf6 20. Be5 Qd2 21.
Rfd1 Qg5 22. Bxf6 Qxf6 23. Qc7 Rab8 24. Qg3 Nd7 25. Bb5 Rbd8 26. Qc7 Qb6 27.
Qxb6 Nxb6 28. a4 a6 29. a5 Nd7 30. Bc4 Rc8 31. Be2 Nf6 32. f3 Rc2 33. Bd3 Rc3
34. Rab1 Ra3 35. Rxb7 Rxa5 36. Ra7 Rb8 37. Rxa6 Rc5 38. Rda1 Rbc8 39. Ra8 g6 40.
Rxc8+ Rxc8 41. d6 Kf8 42. Ra7 Rd8 43. e5 Nd7 44. Bb5 Nxe5 45. Kf2 Rxd6 46. Ke2
Re6 47. Kf2 g5 48. Kg3 Rg6 49. h3 h5 50. Ra5 h4+ 51. Kf2 Re6 52. Kg1 Kg7 1/2-1/2

[Event "Challenge"]
[Site "http://www.queenalice.com/game.php?id=479950"]
[Date "2008.10.20"]
[Round "-"]
[White "king_dot_com"]
[Black "SalsaQueen"]
[Result "1-0"]
[WhiteElo "1668"]
[BlackElo "1753"]

1. e4 e5 2. d3 h6 3. Be3 d6 4. Nf3 Nc6 5. Nc3 a6 6. Be2 Nf6 7. O-O Be6 8. d4
exd4 9. Nxd4 Nxd4 10. Bxd4 d5 11. Bxf6 Qxf6 12. Nxd5 Bxd5 13. Qxd5 c6 14. Qb3 b5
15. Rfe1 Bc5 16. Qg3 Qxb2 17. Qc7 O-O 18. Qxc6 Rfc8 19. Qd5 Qf6 20. Bf3 Be7 21.
e5 Qg5 22. Qd7 Rd8 23. Qc6 b4 24. Qb6 a5 25. Bxa8 Rxa8 26. Rad1 a4 27. Qc6 Ra7
28. Qe8+ Kh7 29. Qxf7 Bc5 30. Rd7 Rxd7 31. Qxd7 Qf4 32. Qd3+ Kh8 33. Qf3 Qd2 34.
Qe2 Qc3 35. e6 Be7 36. Rd1 Qb2 37. Qc4 Qe5 38. g3 a3 39. Rd5 Qf6 40. Rb5 Kh7 41.
Qe4+ Qg6 42. Qxg6+ Kxg6 43. f4 Kf6 44. f5 g6 45. g4 Kg5 46. h3 h5 47. gxh5 gxh5
48. Kg2 h4 49. Kf3 Kf6 50. Kg4 Kg7 51. Rb7 Kf8 52. Rxe7 Kxe7 53. Kg5 Kd6 54. Kf6
1-0

[Event "SalsaQueen"]
[Site "http://www.queenalice.com/game.php?id=487259"]
[Date "2008.11.3"]
[Round "1"]
[White "king_dot_com"]
[Black "Sigmund"]
[Result "0-1"]
[WhiteElo "1682"]
[BlackElo "1729"]

1. e4 e5 2. d3 Nc6 3. Nf3 Bc5 4. Nc3 a6 5. Nd5 d6 6. Be2 Nf6 7. Bg5 h6 8. Bxf6
gxf6 9. a3 Be6 10. c3 Rg8 11. Qd2 f5 12. exf5 Bxd5 13. Qxh6 Kd7 14. c4 Bxf3 15.
Bxf3 Qg5 16. Qxg5 Rxg5 17. Be4 Rb8 18. h4 Rgg8 19. g3 b5 20. b4 Bd4 21. Rb1 bxc4
22. Bxc6+ Kxc6 23. dxc4 Rg4 24. O-O Rxg3+ 0-1